<?xml version="1.0" encoding="UTF-8"?>
<record
    xmlns:xsi="http://www.w3.org/2001/XMLSchema-instance"
    xsi:schemaLocation="http://www.loc.gov/MARC21/slim http://www.loc.gov/standards/marcxml/schema/MARC21slim.xsd"
    xmlns="http://www.loc.gov/MARC21/slim">

  <leader>01628nab a2200289 a 4500</leader>
  <controlfield tag="001">a166536</controlfield>
  <controlfield tag="003">INTEC</controlfield>
  <controlfield tag="005">20250425121534.0</controlfield>
  <controlfield tag="006">a|||||r|||| 00| 0 </controlfield>
  <controlfield tag="007">ta</controlfield>
  <controlfield tag="008">171124e2017    xxu|||p|r||||||0| 0 spa d</controlfield>
  <datafield tag="022" ind1=" " ind2=" ">
    <subfield code="a">1991-5292</subfield>
  </datafield>
  <datafield tag="040" ind1=" " ind2=" ">
    <subfield code="a">DO-SdINT</subfield>
    <subfield code="c">DO-SdINT</subfield>
    <subfield code="d">DO-SdBNP</subfield>
    <subfield code="e">rda</subfield>
  </datafield>
  <datafield tag="041" ind1=" " ind2=" ">
    <subfield code="a">spa</subfield>
  </datafield>
  <datafield tag="044" ind1=" " ind2=" ">
    <subfield code="a">dr</subfield>
  </datafield>
  <datafield tag="245" ind1=" " ind2=" ">
    <subfield code="a">La irrenunciabilidad de los derechos en la jurisprudencia laboral dominicana /</subfield>
    <subfield code="c">Domingo Antonio Gil.</subfield>
  </datafield>
  <datafield tag="264" ind1=" " ind2=" ">
    <subfield code="a">Santo Domingo, Rep&#xFA;blica Dominicana :</subfield>
    <subfield code="b">Poder Judicial,</subfield>
    <subfield code="c">ene.-jun. 2017.</subfield>
  </datafield>
  <datafield tag="300" ind1=" " ind2=" ">
    <subfield code="a">p&#xE1;gina. 72-80.</subfield>
  </datafield>
  <datafield tag="336" ind1=" " ind2=" ">
    <subfield code="a">texto</subfield>
    <subfield code="b">txt</subfield>
    <subfield code="2">rdacontent</subfield>
  </datafield>
  <datafield tag="337" ind1=" " ind2=" ">
    <subfield code="a">sin mediaci&#xF3;n </subfield>
    <subfield code="b">n</subfield>
    <subfield code="2">rdamedia</subfield>
  </datafield>
  <datafield tag="338" ind1=" " ind2=" ">
    <subfield code="a">volumen</subfield>
    <subfield code="b">nc</subfield>
    <subfield code="2">rdacarrier</subfield>
  </datafield>
  <datafield tag="362" ind1=" " ind2=" ">
    <subfield code="a">ene.-jun. 2017.</subfield>
  </datafield>
  <datafield tag="520" ind1=" " ind2=" ">
    <subfield code="a">Tiene el prop&#xF3;sito de analizar el comportamiento de la jurisprudencia de la Suprema Corte de Justicia respecto del principio de la irrenunciabilidad de derechos de materia laboral, consagrado por el V principio fundamental del C&#xF3;digo de trabajo.  Se analiza la jurisprudencia de principio de dicho tribunal y la atenuaci&#xF3;n de esta mediante una jurisprudencia de excepci&#xF3;n. Se procura, adem&#xE1;s, poner de manifiesto los criterios inconscientes y a veces veleidosos de esta jurisprudencia, la cual parece m&#xE1;s apegada a una valoraci&#xF3;n de oportunidad pragm&#xE1;tica que de legalidad. A ignorancia de muchos operadores impide entender en su plenitud los genuinos alcances del derecho inmobiliario.</subfield>
  </datafield>
  <datafield tag="650" ind1=" " ind2="0">
    <subfield code="a">Jurisprudencia laboral dominicana</subfield>
    <subfield code="9">87533</subfield>
    <subfield code="v">Publicaciones peri&#xF3;dicas</subfield>
  </datafield>
  <datafield tag="773" ind1="0" ind2=" ">
    <subfield code="g">7 (13) ; ene.-jun. 2017, p. 72-80</subfield>
    <subfield code="t">Justicia &amp; raz&#xF3;n</subfield>
    <subfield code="w">u2030</subfield>
  </datafield>
  <datafield tag="942" ind1=" " ind2=" ">
    <subfield code="2">ddc</subfield>
    <subfield code="c">ISSUE</subfield>
  </datafield>
  <datafield tag="952" ind1=" " ind2=" ">
    <subfield code="0">0</subfield>
    <subfield code="1">0</subfield>
    <subfield code="2">ddc</subfield>
    <subfield code="4">0</subfield>
    <subfield code="5">6</subfield>
    <subfield code="7">0</subfield>
    <subfield code="8">SE</subfield>
    <subfield code="a">BNPHU</subfield>
    <subfield code="b">BNPHU</subfield>
    <subfield code="d">2025-04-25</subfield>
    <subfield code="h">A&#xF1;o 7, N&#xFA;mero. 13, enero-junio 2017</subfield>
    <subfield code="l">0</subfield>
    <subfield code="r">2025-04-25</subfield>
    <subfield code="t">e.1</subfield>
    <subfield code="w">2025-04-25</subfield>
    <subfield code="y">ISSUE</subfield>
  </datafield>
  <datafield tag="999" ind1=" " ind2=" ">
    <subfield code="c">58808</subfield>
    <subfield code="d">58808</subfield>
  </datafield>
</record>
